|
|
|
|
| LEADER |
00000nam0a2200000 4500 |
| 001 |
95509 |
| 005 |
20231031110151.0 |
| 035 |
|
|
|a (RuTPU)RU\TPU\book\102269
|
| 090 |
|
|
|a 95509
|
| 100 |
|
|
|a 20060427d1984 km y0rusy50 ca
|
| 101 |
0 |
|
|a rus
|
| 102 |
|
|
|a RU
|
| 105 |
|
|
|a a z 001zy
|
| 200 |
1 |
|
|a Многоцелевые системы ЧПУ гибкой механообработкой
|f В. Н. Алексеев [и др.]
|g под ред. В. Г. Колосова
|
| 210 |
|
|
|a Ленинград
|c Машиностроение
|d 1984
|
| 215 |
|
|
|a 224 с.
|c ил.
|
| 320 |
|
|
|a Библиогр.: с. 219-223.
|
| 610 |
1 |
|
|a металлообрабатывающее оборудование
|
| 610 |
1 |
|
|a металлообработка
|
| 610 |
1 |
|
|a программное управление
|
| 610 |
1 |
|
|a гибкие производственные системы
|
| 610 |
1 |
|
|a ЧПУ
|
| 675 |
|
|
|a 621.9.06-529
|v 3
|
| 701 |
|
1 |
|a Алексеев
|b В. Н.
|g Виталий Николаевич
|
| 701 |
|
1 |
|a Воржев
|b В. Г.
|g Владимир Григорьевич
|
| 701 |
|
1 |
|a Гырдымов
|b Г. П.
|g Герман Петрович
|
| 701 |
|
1 |
|a Колосов
|b В. Г.
|g Владимир Григорьевич
|
| 702 |
|
1 |
|a Колосов
|b В. Г.
|4 340
|
| 801 |
|
1 |
|a RU
|b 63413507
|c 20060427
|g PSBO
|
| 801 |
|
2 |
|a RU
|b 63413507
|c 20150928
|g PSBO
|
| 942 |
|
|
|c BK
|